<?xml version="1.0" encoding="UTF-8"?><?xml-stylesheet type="text/xsl" href="static/style.xsl"?><OAI-PMH xmlns="http://www.openarchives.org/OAI/2.0/" xmlns:xsi="http://www.w3.org/2001/XMLSchema-instance" xsi:schemaLocation="http://www.openarchives.org/OAI/2.0/ http://www.openarchives.org/OAI/2.0/OAI-PMH.xsd"><responseDate>2026-04-17T20:57:52Z</responseDate><request verb="GetRecord" identifier="oai:riubu.ubu.es:10259/10211" metadataPrefix="marc">https://riubu.ubu.es/oai/request</request><GetRecord><record><header><identifier>oai:riubu.ubu.es:10259/10211</identifier><datestamp>2025-02-12T01:05:31Z</datestamp><setSpec>com_10259_4734</setSpec><setSpec>com_10259_5086</setSpec><setSpec>com_10259_2604</setSpec><setSpec>col_10259_4735</setSpec></header><metadata><record xmlns="http://www.loc.gov/MARC21/slim" xmlns:doc="http://www.lyncode.com/xoai" xmlns:xsi="http://www.w3.org/2001/XMLSchema-instance" xmlns:dcterms="http://purl.org/dc/terms/" xsi:schemaLocation="http://www.loc.gov/MARC21/slim http://www.loc.gov/standards/marcxml/schema/MARC21slim.xsd">
<leader>00925njm 22002777a 4500</leader>
<datafield tag="042" ind1=" " ind2=" ">
<subfield code="a">dc</subfield>
</datafield>
<datafield tag="720" ind1=" " ind2=" ">
<subfield code="a">Núñez Angulo, Beatriz F.</subfield>
<subfield code="e">author</subfield>
</datafield>
<datafield tag="720" ind1=" " ind2=" ">
<subfield code="a">Cuesta Gómez, José Luis</subfield>
<subfield code="e">author</subfield>
</datafield>
<datafield tag="720" ind1=" " ind2=" ">
<subfield code="a">Santamaría Conde, Rosa Mª</subfield>
<subfield code="e">author</subfield>
</datafield>
<datafield tag="260" ind1=" " ind2=" ">
<subfield code="c">2025-02</subfield>
</datafield>
<datafield tag="520" ind1=" " ind2=" ">
<subfield code="a">Actualmente en las aulas universitarias hay alumnado con alguna discapacidad, desarrollando con&#xd;
normalidad sus estudios, en algunos casos con las adaptaciones oportunas en metodologías, recursos, entre&#xd;
otros. El objetivo del estudio fue conocer la valoración que el alumnado universitario tiene hacia las personas&#xd;
con discapacidad, incidiendo en sus capacidades y limitaciones. Metodológicamente se ha aplicado la escala&#xd;
de Verdugo, Arias y Jenaro (1998) a estudiantes de primero y segundo curso de los Grados de Pedagogía y&#xd;
Educación Social de la Universidad de Burgos (España). Se muestran datos descriptivos de 137 participantes,&#xd;
tablas de contingencia, contraste de hipótesis, t de Student, y correlaciones. Los resultados constatan que&#xd;
mayoritariamente los estudiantes presentan actitudes positivas hacia las personas con discapacidad, existiendo&#xd;
diferencias significativas en el alumnado en relación a la edad y no significativas en el factor de valoración y&#xd;
limitaciones. En conclusión, se constata un avance hacia la inclusión social de las personas con discapacidad.&#xd;
Actualmente en el ámbito universitario el alumnado con discapacidad se encuentra cada vez más integrado,&#xd;
y en el caso de la Universidad de Burgos a través de la Unidad de Atención a la Diversidad, se apuesta por&#xd;
garantizar la igualdad de oportunidades del alumnado universitario con discapacidad</subfield>
</datafield>
<datafield tag="520" ind1=" " ind2=" ">
<subfield code="a">Currently, there are students with disabilities in university classrooms, who are carrying out their&#xd;
studies normally, in some cases with the appropriate adaptations in methodologies, resources, among others.&#xd;
The objective of the study was to find out the assessment that university students have towards people with&#xd;
disabilities, focusing on their capabilities and limitations. Methodologically, the scale of Verdugo, Arias and&#xd;
Jenaro (1998) was applied to first and second year students of the Degrees in Pedagogy and Social Education&#xd;
at the University of Burgos (Spain). Descriptive data from 137 participants, contingency tables, hypothesis&#xd;
contrast, Student t test, and correlations are shown. The results confirm that the majority of students have&#xd;
positive attitudes towards people with disabilities, with significant differences in the students in relation to age&#xd;
and non-significant differences in the assessment and limitations factor. In conclusion, progress towards the&#xd;
social inclusion of people with disabilities is confirmed. Currently, students with disabilities are increasingly&#xd;
integrated in the university environment, and in the case of the University of Burgos, through the Diversity&#xd;
Care Unit, there is a commitment to guarantee equal opportunities for university students with disabilities.</subfield>
</datafield>
<datafield tag="024" ind2=" " ind1="8">
<subfield code="a">1315-9518</subfield>
</datafield>
<datafield tag="024" ind2=" " ind1="8">
<subfield code="a">http://hdl.handle.net/10259/10211</subfield>
</datafield>
<datafield tag="024" ind2=" " ind1="8">
<subfield code="a">10.31876/rcs.v31i1.43490</subfield>
</datafield>
<datafield tag="024" ind2=" " ind1="8">
<subfield code="a">2477-9431</subfield>
</datafield>
<datafield ind1=" " ind2=" " tag="653">
<subfield code="a">Actitudes</subfield>
</datafield>
<datafield ind1=" " ind2=" " tag="653">
<subfield code="a">Discapacidad</subfield>
</datafield>
<datafield ind1=" " ind2=" " tag="653">
<subfield code="a">Estudiantes universitarios</subfield>
</datafield>
<datafield ind1=" " ind2=" " tag="653">
<subfield code="a">Pedagogía</subfield>
</datafield>
<datafield ind1=" " ind2=" " tag="653">
<subfield code="a">Educación social</subfield>
</datafield>
<datafield ind1=" " ind2=" " tag="653">
<subfield code="a">Attitudes</subfield>
</datafield>
<datafield ind1=" " ind2=" " tag="653">
<subfield code="a">Disability</subfield>
</datafield>
<datafield ind1=" " ind2=" " tag="653">
<subfield code="a">University students</subfield>
</datafield>
<datafield ind1=" " ind2=" " tag="653">
<subfield code="a">Pedagogy</subfield>
</datafield>
<datafield ind1=" " ind2=" " tag="653">
<subfield code="a">Social education</subfield>
</datafield>
<datafield tag="245" ind1="0" ind2="0">
<subfield code="a">Valoración del alumnado universitario hacia las personas con discapacidad</subfield>
</datafield>
</record></metadata></record></GetRecord></OAI-PMH>